[Event "Chigorin Memorial 2018"]
[Site "St. Petersburg"]
[Date "2018.10.29"]
[Round "3.51"]
[White "Bykov, Oleg"]
[Black "Volkov, Roman"]
[Result "1/2-1/2"]
[WhiteElo "2411"]
[BlackElo "2070"]
[Annotator "RC"]
[PlyCount "150"]
[EventDate "2018.10.27"]
[EventType "swiss"]
[EventCountry "RUS"]
[WhiteTeam "Russland"]
[BlackTeam "Russland"]
[WhiteTeamCountry "RUS"]
[BlackTeamCountry "RUS"]

1. d4 Nf6 2. c4 g6 3. Nc3 d5 4. Nf3 Bg7 5. Bf4 O-O 6. e3 c5 7. dxc5 Qa5 8. Rc1 dxc4 9. Bxc4 Qxc5 10. Bb3 Qa5 11. O-O Nc6 12. h3 Bf5 13. Qe2 Ne4 14. Nd5 e5 15. Bh2 Rfe8 16. Qc4 Rac8 17. Qa4 Nc5 18. Qxa5 Nxa5 19. Bc2 Be6 20. Nc3 Nc6 21. Rfd1 Red8 22. Ng5 Bc4 23. Nge4 Nxe4 24. Bxe4 f5 25. Bxc6 bxc6 26. b3 Be6 27. Bg3 Bf6 28. Na4 Kf7 29. Nc5 Rxd1+ 30. Rxd1 Bd5 31. e4 fxe4 32. Re1 Rd8 33. Nxe4 Bxe4 34. Rxe4 Rd1+ 35. Kh2 Rd4 36. Re2 Rd5 37. Rc2 c5 38. Rc4 Bd8 39. Ra4 Bb6 40. Ra6 Ke6 41. Bh4 Kd7 42. Bg5 Rd4 43. Be3 Re4 44. Kg3 Kc6 45. Kf3 Rb4 46. Bd2 Rd4 47. Be3 Rb4 48. Ke2 Kb5 49. Ra3 a5 50. f3 Bc7 51. Bd2 Rd4 52. Bc3 Rh4 53. Kf1 Rf4 54. Kf2 e4 55. Bd2 Rf7 56. Ra4 exf3 57. gxf3 Rd7 58. Be3 Be5 59. Ke2 Bf6 60. Rc4 Rd5 61. Re4 Bd4 62. Bxd4 cxd4 63. a3 d3+ 64. Kd2 Rh5 65. h4 Rf5 66. f4 Rh5 67. Re5+ Rxe5 68. fxe5 Kc5 69. a4 Kd5 70. b4 axb4 71. a5 Kd4 72. e6 b3 73. e7 b2 74. e8=Q b1=Q 75. Qe3+ Kd5 1/2-1/2

[Event "Chigorin Memorial 2018"]
[Site "St. Petersburg"]
[Date "2018.10.29"]
[Round "3.52"]
[White "Apryshko, Gleb"]
[Black "Torres Dominguez, David"]
[Result "1-0"]
[WhiteElo "2399"]
[BlackElo "2067"]
[PlyCount "33"]
[EventDate "2018.10.27"]
[EventType "swiss"]
[EventCountry "RUS"]
[WhiteTeam "Russland"]
[BlackTeam "Spanien"]
[WhiteTeamCountry "RUS"]
[BlackTeamCountry "ESP"]

1. e4 e5 2. Nf3 Nc6 3. Nc3 Nf6 4. a3 d6 5. h3 Be7 6. d4 O-O 7. g3 Re8 8. Bg2 d5 9. Nxe5 Nxe4 10. Nxe4 dxe4 11. Bxe4 Qxd4 12. Bxh7+ Kxh7 13. Qh5+ Kg8 14. Qxf7+ Kh7 15. Qg6+ Kg8 16. Qxe8+ Kh7 17. Qg6+ 1-0

[Event "Chigorin Memorial 2018"]
[Site "St. Petersburg"]
[Date "2018.10.29"]
[Round "3.53"]
[White "Pershin, Denis"]
[Black "Zabolotnov, Evgeny"]
[Result "1-0"]
[WhiteElo "2397"]
[BlackElo "2064"]
[PlyCount "69"]
[EventDate "2018.10.27"]
[EventType "swiss"]
[EventCountry "RUS"]
[WhiteTeam "Russland"]
[BlackTeam "Russland"]
[WhiteTeamCountry "RUS"]
[BlackTeamCountry "RUS"]

1. e4 c6 2. d4 d5 3. e5 c5 4. dxc5 e6 5. a3 Nc6 6. Nf3 Bxc5 7. b4 Bb6 8. Bd3 Nge7 9. O-O Ng6 10. Re1 O-O 11. Bb2 f6 12. exf6 gxf6 13. c4 dxc4 14. Bxc4 Qxd1 15. Rxd1 Nce5 16. Nxe5 Nxe5 17. Bb3 Kg7 18. Nc3 Bd7 19. Ne4 Bc6 20. Nd6 Ng4 21. Bd4 e5 22. Bxb6 axb6 23. h3 Nh6 24. b5 Bd7 25. a4 Nf5 26. Nxf5+ Bxf5 27. Rd6 Rfd8 28. Rxb6 Bc8 29. a5 Rd2 30. Rc1 Rd4 31. Rc7+ Kg6 32. Bg8 h5 33. h4 Rxh4 34. a6 bxa6 35. Bd5 1-0

[Event "Chigorin Memorial 2018"]
[Site "St. Petersburg"]
[Date "2018.10.29"]
[Round "3.54"]
[White "Gogolev, Artem"]
[Black "Fedotov, Alexey"]
[Result "1/2-1/2"]
[WhiteElo "2389"]
[BlackElo "2057"]
[PlyCount "120"]
[EventDate "2018.10.27"]
[EventType "swiss"]
[EventCountry "RUS"]
[WhiteTeam "Russland"]
[BlackTeam "Russland"]
[WhiteTeamCountry "RUS"]
[BlackTeamCountry "RUS"]

1. d4 d5 2. c4 c6 3. cxd5 cxd5 4. Nc3 Nf6 5. Bf4 Nc6 6. e3 Bf5 7. Qb3 Na5 8. Qa4+ Bd7 9. Qc2 e6 10. Bd3 Nc6 11. a3 Nh5 12. Be5 f6 13. Bg3 f5 14. Nge2 Be7 15. Be5 Nf6 16. Bxf6 Bxf6 17. g4 g6 18. gxf5 gxf5 19. Rg1 Qc7 20. O-O-O O-O-O 21. Nb5 Qb8 22. Nf4 a6 23. a4 Rhg8 24. Kb1 Bg5 25. Nh3 Be7 26. f4 axb5 27. axb5 Qd6 28. Ng5 Bxg5 29. fxg5 Kb8 30. bxc6 Bxc6 31. h4 Rc8 32. Qb3 Qh2 33. Rh1 Qg3 34. Bc2 Rg7 35. Qb4 Be8 36. Qd2 f4 37. Rdg1 fxe3 38. Rxg3 exd2 39. Rh2 Bg6 40. Rxd2 Rxc2 41. Rxc2 Rf7 42. b3 Rf2 43. Rgc3 Rf4 44. h5 Bxc2+ 45. Kxc2 Rg4 46. Re3 Rxg5 47. Rxe6 Rxh5 48. Re7 Ka7 49. Kc3 Kb6 50. Kb4 Rh6 51. Rf7 Kc6 52. Re7 Rh4 53. Re6+ Kd7 54. Rb6 Rxd4+ 55. Kc5 Rh4 56. Rxb7+ Ke6 57. Rb6+ Ke5 58. Rd6 Rd4 59. Rh6 Rd1 60. Rh5+ Ke4 1/2-1/2

[Event "Chigorin Memorial 2018"]
[Site "St. Petersburg"]
[Date "2018.10.29"]
[Round "3.55"]
[White "Brikov, Illarion"]
[Black "Ofitserian, Armen"]
[Result "1-0"]
[WhiteElo "2371"]
[BlackElo "2055"]
[PlyCount "83"]
[EventDate "2018.10.27"]
[EventType "swiss"]
[EventCountry "RUS"]
[WhiteTeam "Russland"]
[BlackTeam "Russland"]
[WhiteTeamCountry "RUS"]
[BlackTeamCountry "RUS"]

1. d4 Nf6 2. c4 g6 3. Nc3 d5 4. cxd5 Nxd5 5. e4 Nxc3 6. bxc3 Bg7 7. Nf3 c5 8. Be3 O-O 9. Rc1 Qa5 10. Qd2 Bg4 11. d5 Nd7 12. c4 Qa3 13. Be2 Rad8 14. O-O Bxf3 15. Bxf3 Ne5 16. Qe2 b6 17. Rc2 Rc8 18. Rd1 Qa4 19. Rdc1 Qa3 20. Rb1 h5 21. Rb3 Qa5 22. Qd1 Nxf3+ 23. gxf3 f5 24. Bg5 Rce8 25. Re2 fxe4 26. Rxe4 Qa4 27. Qe2 Qd7 28. Re6 Kh7 29. Rbe3 Rf5 30. h4 b5 31. Rxe7 Rxe7 32. Rxe7 Qd6 33. cxb5 Rxd5 34. Rxa7 Rd1+ 35. Kg2 Qd4 36. Bf6 Qxf6 37. Qxd1 c4 38. Qd7 c3 39. Rc7 g5 40. Qd3+ Kh8 41. Rc8+ Bf8 42. Qxc3 1-0

[Event "Chigorin Memorial 2018"]
[Site "St. Petersburg"]
[Date "2018.10.29"]
[Round "3.56"]
[White "Ivanov, Sergei V."]
[Black "Yatzenko, Anton"]
[Result "0-1"]
[WhiteElo "2055"]
[BlackElo "2351"]
[PlyCount "64"]
[EventDate "2018.10.27"]
[EventType "swiss"]
[EventCountry "RUS"]
[WhiteTeam "Russland"]
[BlackTeam "Russland"]
[WhiteTeamCountry "RUS"]
[BlackTeamCountry "RUS"]

1. e4 d6 2. d4 Nf6 3. Nc3 Nbd7 4. Nf3 e5 5. Bc4 Be7 6. O-O O-O 7. Re1 c6 8. a4 Qc7 9. Ba2 h6 10. h3 Re8 11. Qe2 Nf8 12. Qc4 Ne6 13. b4 Bf8 14. Bb2 a5 15. b5 exd4 16. Nxd4 Nc5 17. f3 d5 18. exd5 Bxh3 19. d6 Qxd6 20. Qxf7+ Kh7 21. Nde2 Bf5 22. Rad1 Qe5 23. Nd4 Qxe1+ 24. Rxe1 Rxe1+ 25. Kf2 Bg6 26. Qc4 Rh1 27. bxc6 bxc6 28. Nce2 Bd6 29. Ne6 Nce4+ 30. fxe4 Ng4+ 31. Kf3 Bh5 32. Nxg7 Rf1# 0-1

[Event "Chigorin Memorial 2018"]
[Site "St. Petersburg"]
[Date "2018.10.29"]
[Round "3.57"]
[White "Naboka, Sergey"]
[Black "Petrochenko, Maria"]
[Result "1-0"]
[WhiteElo "2345"]
[BlackElo "2054"]
[PlyCount "69"]
[EventDate "2018.10.27"]
[EventType "swiss"]
[EventCountry "RUS"]
[WhiteTeam "Ukraine"]
[BlackTeam "Russland"]
[WhiteTeamCountry "UKR"]
[BlackTeamCountry "RUS"]

1. e4 e6 2. d4 d5 3. Nc3 Nf6 4. e5 Nfd7 5. f4 c5 6. Nf3 Nc6 7. Be3 Be7 8. Qd2 O-O 9. g3 a6 10. Bg2 b5 11. O-O b4 12. Ne2 a5 13. dxc5 Nxc5 14. Nfd4 Nxd4 15. Nxd4 Bb7 16. f5 exf5 17. Nxf5 Ne4 18. Bxe4 dxe4 19. Qf2 Rc8 20. Rad1 Qe8 21. Rd2 Rc6 22. Qf4 Re6 23. Rfd1 Qc8 24. Rd7 Bc5 25. Qf2 Bxe3 26. Qxe3 Qb8 27. Qg5 g6 28. Rd8 Qa7+ 29. Kf1 Qa6+ 30. Ke1 Ree8 31. Rxe8 Rxe8 32. Rd8 Qe6 33. Nd6 Rxd8 34. Qxd8+ Kg7 35. Ne8+ 1-0

[Event "Chigorin Memorial 2018"]
[Site "St. Petersburg"]
[Date "2018.10.29"]
[Round "3.58"]
[White "Suleymenov, Alisher"]
[Black "Myshkovskiy, Sviatoslav"]
[Result "1-0"]
[WhiteElo "2331"]
[BlackElo "2046"]
[PlyCount "63"]
[EventDate "2018.10.27"]
[EventType "swiss"]
[EventCountry "RUS"]
[WhiteTeam "Kasachstan"]
[BlackTeam "Russland"]
[WhiteTeamCountry "KAZ"]
[BlackTeamCountry "RUS"]

1. d4 Nf6 2. c4 e6 3. g3 d5 4. Nf3 Be7 5. Bg2 O-O 6. O-O dxc4 7. Qc2 b6 8. Bg5 Nd5 9. Bxe7 Qxe7 10. Qxc4 Ba6 11. Qc2 c5 12. Nc3 Bb7 13. Nxd5 Bxd5 14. dxc5 Rc8 15. b4 a5 16. a3 axb4 17. axb4 Rxa1 18. Rxa1 bxc5 19. b5 f5 20. Qb2 Qb7 21. Nh4 Nd7 22. Ra6 c4 23. Rxe6 c3 24. Qc1 Bxg2 25. Re7 Rf8 26. Qxc3 Rf7 27. Rxf7 Kxf7 28. Nxf5 Qd5 29. Qxg7+ Ke6 30. Ne3 Qxb5 31. Qg4+ Ke7 32. Kxg2 1-0

[Event "Chigorin Memorial 2018"]
[Site "St. Petersburg"]
[Date "2018.10.29"]
[Round "3.59"]
[White "Sapegin, Yaroslav"]
[Black "Yeritsyan, Aram"]
[Result "0-1"]
[WhiteElo "2046"]
[BlackElo "2325"]
[PlyCount "52"]
[EventDate "2018.10.27"]
[EventType "swiss"]
[EventCountry "RUS"]
[WhiteTeam "Russland"]
[BlackTeam "Russland"]
[WhiteTeamCountry "RUS"]
[BlackTeamCountry "RUS"]

1. d4 Nf6 2. Bg5 e6 3. e4 h6 4. Bxf6 Qxf6 5. Nf3 d6 6. Nc3 g5 7. e5 Qe7 8. h4 g4 9. Nd2 h5 10. Nce4 dxe5 11. dxe5 Bg7 12. Nc4 Nc6 13. f4 gxf3 14. Qxf3 Nxe5 15. Nxe5 Bxe5 16. O-O-O Bd7 17. Ng5 Bc6 18. Bb5 Bxb5 19. Qxb7 Qb4 20. Qxa8+ Ke7 21. Qe4 Bxb2+ 22. Kb1 Bd4+ 23. Kc1 Qa3+ 24. Kd2 Qc3+ 25. Kc1 Be3+ 26. Kb1 Bd3 0-1

[Event "Chigorin Memorial 2018"]
[Site "St. Petersburg"]
[Date "2018.10.29"]
[Round "3.60"]
[White "Efremov, Vladislav"]
[Black "Konaplev, Anton"]
[Result "0-1"]
[WhiteElo "2035"]
[BlackElo "2320"]
[PlyCount "74"]
[EventDate "2018.10.27"]
[EventType "swiss"]
[EventCountry "RUS"]
[WhiteTeam "Russland"]
[BlackTeam "Russland"]
[WhiteTeamCountry "RUS"]
[BlackTeamCountry "RUS"]

1. d4 Nf6 2. c4 e6 3. Nf3 d5 4. Nc3 c5 5. cxd5 Nxd5 6. e4 Nxc3 7. bxc3 cxd4 8. cxd4 Bb4+ 9. Bd2 Bxd2+ 10. Qxd2 O-O 11. Bc4 Nd7 12. O-O b6 13. Rfe1 Bb7 14. Rac1 Rc8 15. Bd3 h6 16. h3 Nf6 17. Qf4 Qe7 18. e5 Nd5 19. Qe4 g6 20. Rxc8 Rxc8 21. Qg4 Kg7 22. Bb1 h5 23. Qg3 Rc3 24. Be4 b5 25. Rb1 b4 26. Qg5 Qxg5 27. Nxg5 a5 28. Nf3 Rc7 29. Rb3 a4 30. Rb2 a3 31. Rb3 Nc3 32. Bxb7 Rxb7 33. Ne1 Nxa2 34. Nd3 Nc3 35. Rxb4 a2 36. Rxb7 a1=Q+ 37. Kh2 Ne2 0-1

[Event "Chigorin Memorial 2018"]
[Site "St. Petersburg"]
[Date "2018.10.29"]
[Round "3.61"]
[White "Tsapalin, Sergey"]
[Black "Tahay, Alexis"]
[Result "0-1"]
[WhiteElo "2032"]
[BlackElo "2312"]
[PlyCount "100"]
[EventDate "2018.10.27"]
[EventType "swiss"]
[EventCountry "RUS"]
[WhiteTeam "Russland"]
[BlackTeam "Frankreich"]
[WhiteTeamCountry "RUS"]
[BlackTeamCountry "FRA"]

1. c4 c5 2. Nf3 Nc6 3. Nc3 g6 4. g3 Bg7 5. Bg2 e5 6. d3 Nge7 7. O-O d6 8. Ne1 Be6 9. Nc2 d5 10. cxd5 Nxd5 11. Ne4 b6 12. Ne3 Nde7 13. Ng5 Bd7 14. Nd5 O-O 15. Nxe7+ Qxe7 16. Nf3 Rac8 17. Bg5 Qe6 18. Qd2 Nd4 19. Nxd4 exd4 20. Rfe1 Bc6 21. Bxc6 Qxc6 22. b3 Rfe8 23. Rac1 Qd5 24. e4 dxe3 25. Rxe3 Bd4 26. Rxe8+ Rxe8 27. Be3 Bxe3 28. fxe3 h5 29. Rf1 Qe5 30. e4 Rd8 31. Qf2 Rd7 32. Rd1 Kg7 33. Kg2 Rd6 34. Qf4 Qd4 35. e5 Qd5+ 36. Kg1 Re6 37. d4 cxd4 38. Rxd4 Qxe5 39. Qxe5+ Rxe5 40. Rd7 a5 41. Rb7 b5 42. Ra7 b4 43. h4 Rc5 44. Kf2 Rc2+ 45. Ke3 Rxa2 46. Kd4 Rc2 47. Rxa5 Rc3 48. Ra2 Rxb3 49. Rg2 Kf6 50. Kc4 Rf3 0-1

[Event "Chigorin Memorial 2018"]
[Site "St. Petersburg"]
[Date "2018.10.29"]
[Round "3.62"]
[White "Nikitinyh, Boris"]
[Black "Gomes, Mary Ann"]
[Result "0-1"]
[WhiteElo "2031"]
[BlackElo "2302"]
[PlyCount "74"]
[EventDate "2018.10.27"]
[EventType "swiss"]
[EventCountry "RUS"]
[WhiteTeam "Russland"]
[BlackTeam "Indien"]
[WhiteTeamCountry "RUS"]
[BlackTeamCountry "IND"]

1. e4 c5 2. Nc3 Nc6 3. g3 g6 4. Bg2 Bg7 5. Nge2 d6 6. O-O Rb8 7. a4 e6 8. d3 Nge7 9. Be3 Nd4 10. Qd2 O-O 11. Rae1 Nec6 12. Nd1 b5 13. axb5 Rxb5 14. Nxd4 cxd4 15. Bh6 Qa5 16. Qc1 Rc5 17. Bxg7 Kxg7 18. c3 Ba6 19. Qb1 Rb8 20. Qc2 Qb5 21. c4 Qb3 22. Qe2 Nb4 23. f4 Qxd3 24. Qg4 Bxc4 25. f5 Qd2 26. fxe6 Bxe6 27. Qf3 Rc2 28. Qf6+ Kg8 29. Nf2 Nc6 30. Rd1 Qe3 31. Rde1 Qh6 32. Nd3 Qg7 33. Qf3 Ne5 34. Nxe5 dxe5 35. Rf2 Rbxb2 36. Rxc2 Rxc2 37. Qa3 Qh6 0-1

[Event "Chigorin Memorial 2018"]
[Site "St. Petersburg"]
[Date "2018.10.29"]
[Round "3.63"]
[White "Abbasov, Vusal"]
[Black "Shirshov, Nikolay"]
[Result "0-1"]
[WhiteElo "2302"]
[BlackElo "2040"]
[PlyCount "80"]
[EventDate "2018.10.27"]
[EventType "swiss"]
[EventCountry "RUS"]
[WhiteTeam "Aserbeidschan"]
[BlackTeam "Russland"]
[WhiteTeamCountry "AZE"]
[BlackTeamCountry "RUS"]

1. e4 c5 2. Nf3 e6 3. d4 cxd4 4. Nxd4 Nc6 5. Nc3 a6 6. g3 d6 7. Bg2 Bd7 8. O-O Nf6 9. Be3 Be7 10. Qe2 O-O 11. Rad1 Qc7 12. f4 Rac8 13. h3 Nxd4 14. Rxd4 e5 15. Rd2 Rfe8 16. g4 exf4 17. Bxf4 Qb6+ 18. Qf2 Qxb2 19. Nd5 Nxd5 20. exd5 Qc3 21. Be4 Bf6 22. Bd3 Qc5 23. Qxc5 Rxc5 24. Bxd6 Bd4+ 25. Kh2 Rxd5 26. Bg3 Be6 27. Rfd1 Ra5 28. Bxa6 bxa6 29. Rxd4 Rxa2 30. R1d2 h6 31. Rd6 Rc8 32. Bf4 Rcxc2 33. Kg3 Rc3+ 34. R2d3 Raa3 35. Rxc3 Rxc3+ 36. Kg2 a5 37. Ra6 Bd5+ 38. Kh2 Rc2+ 39. Kg1 Rg2+ 40. Kf1 Rxg4 0-1

[Event "Chigorin Memorial 2018"]
[Site "St. Petersburg"]
[Date "2018.10.29"]
[Round "3.64"]
[White "Isanzhulov, Arystan"]
[Black "Babanin, Gleb"]
[Result "1-0"]
[WhiteElo "2284"]
[BlackElo "2037"]
[PlyCount "67"]
[EventDate "2018.10.27"]
[EventType "swiss"]
[EventCountry "RUS"]
[WhiteTeam "Kasachstan"]
[BlackTeam "Russland"]
[WhiteTeamCountry "KAZ"]
[BlackTeamCountry "RUS"]

1. e4 c5 2. Nf3 d6 3. d4 cxd4 4. Nxd4 Nf6 5. Nc3 a6 6. Bg5 Nbd7 7. f3 h6 8. Be3 Qc7 9. Bd3 e6 10. O-O Be7 11. a4 O-O 12. a5 Nc5 13. Kh1 e5 14. Nde2 Qc6 15. b3 Be6 16. Bc4 Bxc4 17. bxc4 Ncd7 18. Ra4 Rfc8 19. Nc1 Bd8 20. Nd3 b5 21. axb6 Bxb6 22. Nb4 Qb7 23. Nbd5 Bxe3 24. Nxe3 Nb6 25. Rb4 a5 26. Rb1 Qc6 27. Nf5 Kf8 28. f4 Nxc4 29. Nd5 Nxd5 30. exd5 Qd7 31. fxe5 Nxe5 32. Rb6 Qc7 33. Rxd6 Qxc2 34. Rd8+ 1-0

[Event "Chigorin Memorial 2018"]
[Site "St. Petersburg"]
[Date "2018.10.29"]
[Round "3.65"]
[White "Lazhevskaya, Zhanni"]
[Black "Kiselev, Pavel"]
[Result "0-1"]
[WhiteElo "2029"]
[BlackElo "2278"]
[PlyCount "134"]
[EventDate "2018.10.27"]
[EventType "swiss"]
[EventCountry "RUS"]
[WhiteTeam "Russland"]
[BlackTeam "Russland"]
[WhiteTeamCountry "RUS"]
[BlackTeamCountry "RUS"]

1. e4 c5 2. Nf3 e6 3. d4 cxd4 4. Nxd4 Nc6 5. Nxc6 bxc6 6. Bd3 Nf6 7. O-O d5 8. Nd2 Qc7 9. Qe2 Bd6 10. Nf3 dxe4 11. Bxe4 Nxe4 12. Qxe4 O-O 13. b3 f6 14. Bb2 e5 15. Qc4+ Kh8 16. Rfd1 Re8 17. Nd2 Be6 18. Qh4 Rab8 19. Ne4 Be7 20. Qh5 Red8 21. Qe2 Bf5 22. h3 Bg6 23. a4 Bf8 24. Nc3 Bb4 25. Ne4 Bf8 26. Nc3 Qa5 27. Ne4 Qb4 28. Nc3 h6 29. Rd2 Bc5 30. Rad1 Rxd2 31. Rxd2 Qf4 32. Bc1 Qf5 33. g4 Qe6 34. Ne4 Bb4 35. Rd1 f5 36. Ng3 fxg4 37. hxg4 Bc5 38. Bb2 Rf8 39. Rf1 e4 40. Kg2 Rf4 41. Qd2 Qxg4 42. Bxg7+ Kh7 43. Bd4 Qf3+ 44. Kg1 e3 45. Bxe3 Bxe3 46. Qxe3 Qxe3 47. fxe3 Rxf1+ 48. Nxf1 Bxc2 49. Nd2 Kg6 50. Kf2 Kf6 51. Kf3 Ke5 52. Kg4 Bd1+ 53. Kg3 Kd5 54. Kf4 h5 55. e4+ Kd4 56. e5 Kd5 57. Ne4 Bxb3 58. e6 Kxe6 59. Nc5+ Kd5 60. Nxb3 c5 61. Ke3 h4 62. Nd2 h3 63. Nf3 Kc4 64. Ke4 a5 65. Ke3 Kb3 66. Kd3 c4+ 67. Kd2 Kb2 0-1

[Event "Chigorin Memorial 2018"]
[Site "St. Petersburg"]
[Date "2018.10.29"]
[Round "3.66"]
[White "Leontiev, Aleksandr V."]
[Black "Shapar, Tatiana"]
[Result "1/2-1/2"]
[WhiteElo "2276"]
[BlackElo "2034"]
[PlyCount "109"]
[EventDate "2018.10.27"]
[EventType "swiss"]
[EventCountry "RUS"]
[WhiteTeam "Russland"]
[BlackTeam "Russland"]
[WhiteTeamCountry "RUS"]
[BlackTeamCountry "RUS"]

1. c4 Nf6 2. Nc3 e5 3. Nf3 Nc6 4. e4 Bc5 5. Nxe5 Nxe5 6. d4 Bd6 7. c5 Bxc5 8. dxe5 Ng8 9. Qg4 Kf8 10. Qg3 Ne7 11. Bc4 Ng6 12. f4 d6 13. exd6 Qxd6 14. Bd2 Qd4 15. Bb3 h5 16. h3 a5 17. a3 b5 18. Rd1 h4 19. Qf3 Bb7 20. Bc1 Qf6 21. Rd7 Ne7 22. e5 Bxf3 23. exf6 Bxg2 24. fxe7+ Ke8 25. Rd8+ Rxd8 26. exd8=Q+ Kxd8 27. Rh2 Re8+ 28. Kd2 Bf3 29. Kc2 b4 30. Bd5 Bg1 31. Rd2 bxc3 32. bxc3 Bxd5 33. Rxd5+ Kc8 34. Rg5 Be3 35. Rxa5 Kb7 36. Rg5 g6 37. Rg4 Bxc1 38. Kxc1 Re3 39. Rxh4 Rxc3+ 40. Kd2 Rxa3 41. Rh7 Rf3 42. Rxf7 Rxh3 43. Rf6 Rg3 44. Ke2 g5 45. f5 g4 46. Rf8 Rf3 47. f6 c5 48. Kd2 g3 49. f7 g2 50. Rg8 Rxf7 51. Rxg2 Kc6 52. Kc3 Rf3+ 53. Kc4 Rf4+ 54. Kc3 Rh4 55. Rg8 1/2-1/2

[Event "Chigorin Memorial 2018"]
[Site "St. Petersburg"]
[Date "2018.10.29"]
[Round "3.67"]
[White "Prokopchuk, Yury"]
[Black "Dmitriev, Vladimir"]
[Result "0-1"]
[WhiteElo "2275"]
[BlackElo "2031"]
[PlyCount "156"]
[EventDate "2018.10.27"]
[EventType "swiss"]
[EventCountry "RUS"]
[WhiteTeam "Russland"]
[BlackTeam "Russland"]
[WhiteTeamCountry "RUS"]
[BlackTeamCountry "RUS"]

1. d4 d5 2. Bf4 Nf6 3. e3 e6 4. Bd3 Bd6 5. Bg3 O-O 6. Nd2 c5 7. c3 c4 8. Bc2 Nc6 9. f4 b5 10. a3 Bb7 11. Ngf3 Ng4 12. Bxh7+ Kh8 13. Ng5 f5 14. Bg6 Qf6 15. Nh7 Qxg6 16. Nxf8 Rxf8 17. Qe2 a5 18. h3 Nf6 19. Bf2 Ne4 20. Nxe4 dxe4 21. g4 Ne7 22. Rg1 Qh7 23. a4 Bd5 24. axb5 Bc7 25. b3 cxb3 26. c4 Bb7 27. Qb2 Qxh3 28. O-O-O Kg8 29. Rg3 Qh2 30. Rdg1 a4 31. R3g2 Qh7 32. Be1 fxg4 33. Bb4 Rf7 34. Bxe7 Rxe7 35. Rxg4 Rf7 36. Rg5 Qh3 37. R5g3 Qh4 38. d5 e5 39. b6 Bd6 40. c5 a3 41. Qg2 Bf8 42. Qxe4 Qe7 43. c6 Qc5+ 44. Kd2 Qa5+ 45. Ke2 Ba6+ 46. Kf3 Qb5 47. R3g2 Qd3 48. Qxe5 b2 49. b7 Bxb7 50. cxb7 Rxb7 51. Qe6+ Rf7 52. Qe4 Qxe4+ 53. Kxe4 Rb7 54. Ke5 Kf7 55. d6 b1=Q 56. Rxb1 Rxb1 57. Ra2 Rd1 58. e4 Bxd6+ 59. Kf5 g6+ 60. Kg4 Rb1 61. Rd2 Be7 62. e5 Rb2 63. Rd7 Ke6 64. Ra7 Bc5 65. Ra6+ Rb6 66. Ra5 Bb4 67. Ra4 Rb5 68. Ra6+ Kd5 69. e6 Bd6 70. f5 Rb4+ 71. Kg5 gxf5 72. Rxa3 Kxe6 73. Rf3 Rg4+ 74. Kh5 Rg8 75. Re3+ Be5 76. Kh4 f4 77. Re2 Kf5 78. Kh3 f3 0-1

[Event "Chigorin Memorial 2018"]
[Site "St. Petersburg"]
[Date "2018.10.29"]
[Round "3.68"]
[White "Solomin, Maxim"]
[Black "Vasilyev, Vasily"]
[Result "0-1"]
[WhiteElo "2025"]
[BlackElo "2272"]
[PlyCount "60"]
[EventDate "2018.10.27"]
[EventType "swiss"]
[EventCountry "RUS"]
[WhiteTeam "Russland"]
[BlackTeam "Russland"]
[WhiteTeamCountry "RUS"]
[BlackTeamCountry "RUS"]

1. d4 d5 2. c4 c6 3. cxd5 cxd5 4. Bg5 Nc6 5. Nc3 Nf6 6. Bxf6 exf6 7. e3 Bb4 8. Bd3 O-O 9. Nge2 Bg4 10. Rc1 Rc8 11. O-O Bxc3 12. Rxc3 Nb4 13. Bb1 Qe7 14. Qd2 Bxe2 15. Qxe2 g6 16. Rfc1 Rxc3 17. Rxc3 Rd8 18. g3 f5 19. Qd1 h5 20. h4 Nc6 21. a3 Rd6 22. Ba2 Qd7 23. f4 Ne7 24. Qc2 Qe6 25. Kf2 Kg7 26. Rc7 Ng8 27. Rxb7 Rc6 28. Qd1 Nf6 29. Rb3 Ng4+ 30. Ke2 Qe4 0-1

[Event "Chigorin Memorial 2018"]
[Site "St. Petersburg"]
[Date "2018.10.29"]
[Round "3.69"]
[White "Rjabzev, Konstantin"]
[Black "Vorobyova, Valeriya"]
[Result "1-0"]
[WhiteElo "2270"]
[BlackElo "2030"]
[PlyCount "97"]
[EventDate "2018.10.27"]
[EventType "swiss"]
[EventCountry "RUS"]
[WhiteTeam "Russland"]
[BlackTeam "Russland"]
[WhiteTeamCountry "RUS"]
[BlackTeamCountry "RUS"]

1. e4 c5 2. Nf3 d6 3. Bb5+ Nd7 4. O-O a6 5. Bd3 g6 6. c3 Ne5 7. Be2 Nf6 8. d4 Nc6 9. Qc2 Bg7 10. Rd1 Qc7 11. h3 O-O 12. Bf4 b6 13. d5 Nb8 14. a4 Nbd7 15. Na3 Bb7 16. Bh2 Rad8 17. Nc4 Rc8 18. e5 dxe5 19. Nfxe5 Nxe5 20. Bxe5 Qd8 21. a5 Nd7 22. Bxg7 Kxg7 23. axb6 Nxb6 24. Na5 Ba8 25. Bxa6 Rb8 26. Nc6 Bxc6 27. dxc6 Qc7 28. Bb7 Rfd8 29. Qe4 Rxd1+ 30. Rxd1 Rd8 31. Rxd8 Qxd8 32. Qe5+ f6 33. Qxc5 Qc7 34. g3 Na4 35. Qb4 Nb6 36. Qa5 h5 37. h4 Kh7 38. b4 Kg7 39. Qc5 Na4 40. Qd4 Nb6 41. c4 e5 42. Qd3 e4 43. Qxe4 Qd8 44. c5 Na4 45. Qc2 Qe7 46. Qxa4 Qe1+ 47. Kg2 Qe4+ 48. Kh2 Qe2 49. c7 1-0

[Event "Chigorin Memorial 2018"]
[Site "St. Petersburg"]
[Date "2018.10.29"]
[Round "3.70"]
[White "Shihaliev, Leonard"]
[Black "Askerov, Marat"]
[Result "0-1"]
[WhiteElo "2010"]
[BlackElo "2265"]
[PlyCount "102"]
[EventDate "2018.10.27"]
[EventType "swiss"]
[EventCountry "RUS"]
[WhiteTeam "Russland"]
[BlackTeam "Russland"]
[WhiteTeamCountry "RUS"]
[BlackTeamCountry "RUS"]

1. e4 c6 2. d4 d5 3. Nc3 dxe4 4. Nxe4 Bf5 5. Ng3 Bg6 6. h4 h6 7. Nf3 Nd7 8. h5 Bh7 9. Bd3 Bxd3 10. Qxd3 e6 11. Bd2 Ngf6 12. O-O-O Be7 13. Kb1 c5 14. dxc5 Nxc5 15. Qxd8+ Rxd8 16. Bc3 O-O 17. Rhe1 Rfe8 18. Bd4 Nd5 19. Ne2 f6 20. Nc3 Nxc3+ 21. Bxc3 e5 22. Bb4 Kf7 23. a3 b6 24. Nd2 Ne6 25. Ne4 f5 26. Bxe7 Kxe7 27. Nc3 Rxd1+ 28. Rxd1 Nf4 29. g3 Nxh5 30. Nb5 f4 31. gxf4 Nxf4 32. Nxa7 h5 33. b4 h4 34. c4 h3 35. c5 bxc5 36. bxc5 h2 37. c6 Nd5 38. Rh1 Rh8 39. Nb5 Nf6 40. Nc3 Kd6 41. Kc2 Kxc6 42. Kd2 Kc5 43. f3 Rh3 44. Ke2 Kd4 45. Nb5+ Kc5 46. Nc3 g5 47. Nd1 g4 48. fxg4 Nxg4 49. a4 Rg3 50. Kf1 Rd3 51. Kg2 Rxd1 0-1

[Event "Chigorin Memorial 2018"]
[Site "St. Petersburg"]
[Date "2018.10.29"]
[Round "3.71"]
[White "Mamontova, Anastasia"]
[Black "Tsvetkov, Andrey"]
[Result "0-1"]
[WhiteElo "2009"]
[BlackElo "2264"]
[PlyCount "114"]
[EventDate "2018.10.27"]
[EventType "swiss"]
[EventCountry "RUS"]
[WhiteTeam "Russland"]
[BlackTeam "Russland"]
[WhiteTeamCountry "RUS"]
[BlackTeamCountry "RUS"]

1. d4 d5 2. c4 c6 3. Nc3 Nf6 4. Nf3 e6 5. e3 Nbd7 6. Qc2 Bd6 7. b3 O-O 8. Bb2 b6 9. Bd3 Bb7 10. O-O Qe7 11. Ne2 dxc4 12. Bxc4 c5 13. dxc5 Nxc5 14. Ng3 Nce4 15. Rac1 Rac8 16. Qe2 Ng4 17. h3 Ngxf2 18. Nh5 g6 19. Nf4 Nh1 20. Qd3 Nhg3 21. Rfd1 Bc5 22. Ne5 Rfd8 23. Nxf7 Rxd3 24. Nh6+ Kf8 25. Rxd3 Bd5 26. Bxd5 exd5 27. Nxd5 Ne2+ 28. Kf1 Nxc1 29. Nxe7 Nxd3 30. Nxc8 Ng3+ 31. Kg1 Bxe3+ 32. Kh2 Nf1+ 33. Kh1 Nxb2 34. Ng4 Bd4 35. Nxa7 h5 36. Nb5 Bc5 37. Ne5 Kg7 38. g4 hxg4 39. Nxg4 Nd3 40. Nc7 Nf4 41. h4 Ng3+ 42. Kh2 Ne4 43. Ne5 Kh6 44. Nc4 Kh5 45. b4 Bxb4 46. Nxb6 Kxh4 47. a4 g5 48. Ncd5 Bd6 49. Nxf4 gxf4 50. Nc4 Bb8 51. Kg2 Kg4 52. a5 f3+ 53. Kf1 Kg3 54. Ne3 Ba7 55. Nf5+ Kf4 56. Nh4 Nd2+ 57. Ke1 f2+ 0-1